Every F-15 (War Thunder) - Statistics

General Stats
  • This quiz has been taken 51 times
    15 since last reset
  • The average score is 5 of 9
Answer Stats
Picture Answer % Correct
F-15E
100%
F-15A
93%
F-15J
73%
F-15C Golden Eagle
60%
Baz
53%
F-15C MSIP II
53%
F-15I Ra’am
47%
Baz Meshupar
33%
F-15J(M)
27%
No matching quizzes found
Score Distribution
Percent of People with Each Score
Percentile by Number Answered
Your Score History
You have not taken this quiz since the last reset